000 00571nam a2200229Ia 4500
003 OSt
005 20220918191833.0
006 a|||||r|||| 00| 0
007 ta
008 220917b |||||||| |||| 00| 0 eng d
024 _a65,345
037 _cTextual
040 _aARTS
_cARTS
_beng
041 _2eng
_aeng
082 _aQ8451, G9
100 _aParekh Manilal C
_977320
245 0 _aGospel of Zoroaster
_b the Iranian veda
260 _c1939
650 _aRELIGION
942 _hQ8451, G9
_cTEXL
_2CC
999 _c191594
_d191594